Encyclopedia of Sustainable Technologies / (Record no. 599167)
[ view plain ]
| 000 -LEADER | |
|---|---|
| fixed length control field | 00297nam a2200109Ia 4500 |
| 008 - FIXED-LENGTH DATA ELEMENTS--GENERAL INFORMATION | |
| fixed length control field | 230907s9999||||xx |||||||||||||| ||und|| |
| 082 ## - DEWEY DECIMAL CLASSIFICATION NUMBER | |
| Classification number | 628 |
| Author Mark | ENC |
| 245 #0 - TITLE STATEMENT | |
| Title | Encyclopedia of Sustainable Technologies / |
| 260 ## - PUBLICATION, DISTRIBUTION, ETC. | |
| Place of publication, distribution, etc. | Elsevier, |
| Name of publisher, distributor, etc. | New York : |
| Date of publication, distribution, etc. | 2017 |
| 300 ## - PHYSICAL DESCRIPTION | |
| Extent | 4 vols.; Various pages. |
| 942 ## - ADDED ENTRY ELEMENTS (KOHA) | |
| Koha item type | Book |
| Withdrawn status | Lost status | Damaged status | Not for loan | Permanent Location | Current Location | Date acquired | Total Checkouts | Full call number | Barcode | Date last seen | Price effective from | Koha item type |
|---|---|---|---|---|---|---|---|---|---|---|---|---|
| US-Pakistan Center for Advanced Studies in Energy (USPCAS-E) | US-Pakistan Center for Advanced Studies in Energy (USPCAS-E) | 08/19/2019 | 628 ENC | CAS-E0003266 | 09/12/2023 | 09/12/2023 | Book |
